[Event "24th NATO Chess Championship"]
[Site "Rynia"]
[Date "2013.08.14"]
[Round "4.1"]
[White "Drabke, Lorenz Maximilian"]
[Black "Hansen, Stefan"]
[Result "1-0"]
[WhiteElo "2431"]
[BlackElo "2099"]
[PlyCount "61"]
[EventDate "2013.08.??"]
[EventType "swiss"]
[EventRounds "7"]
[EventCountry "POL"]
[WhiteTeam "GER"]
[BlackTeam "DEN"]
[WhiteTeamCountry "GER"]
[BlackTeamCountry "DEN"]

1. e4 c6 2. d3 d5 3. Nd2 e5 4. Ngf3 Bd6 5. g3 Nf6 6. Bg2 O-O 7. O-O Re8 8. b3
Nbd7 9. Bb2 a5 10. a3 a4 11. b4 Nf8 12. h3 Ng6 13. Re1 h5 14. h4 Bg4 15. c3 Qd7
16. Qc2 Bh3 17. Bh1 b5 18. Ng5 Rad8 19. Nxh3 Qxh3 20. Bg2 Qd7 21. Rad1 Bb8 22.
Nf3 Ng4 23. c4 Ba7 24. Rd2 d4 25. Bh3 Rf8 26. Kg2 f5 27. exf5 Qxf5 28. Ng5 Qf6
29. Qd1 Nxf2 30. Qxh5 Nxd3 31. Qh7# 1-0

[Event "24th NATO Chess Championship"]
[Site "Rynia"]
[Date "2013.08.14"]
[Round "4.3"]
[White "Helbig, Mark"]
[Black "Sari, Serdar"]
[Result "1-0"]
[WhiteElo "2282"]
[BlackElo "2052"]
[PlyCount "73"]
[EventDate "2013.08.??"]
[EventType "swiss"]
[EventRounds "7"]
[EventCountry "POL"]
[WhiteTeam "GER"]
[BlackTeam "TUR"]
[WhiteTeamCountry "GER"]
[BlackTeamCountry "TUR"]

1. d4 Nf6 2. Nf3 c5 3. c4 cxd4 4. Nxd4 e5 5. Nb5 d6 6. Bg5 a6 7. Bxf6 gxf6 8.
N5c3 f5 9. e3 Bg7 10. Nd5 O-O 11. Nbc3 Nc6 12. Qd2 Be6 13. Rd1 Qh4 14. Be2 Rad8
15. O-O Kh8 16. b4 e4 17. f4 Rg8 18. b5 Nb8 19. Rb1 Nd7 20. bxa6 bxa6 21. Rfd1
Nc5 22. Rb6 Bf8 23. Nc7 Rg6 24. Bf1 Nd7 25. Rxa6 Nf6 26. N3d5 Bxd5 27. Nxd5 Ng4
28. g3 Nxh2 29. Qxh2 Rxg3+ 30. Kh1 Qg4 31. Be2 Qg7 32. Rg1 Rxg1+ 33. Qxg1 Qb2
34. Qg2 Bg7 35. Ra7 Qc1+ 36. Bf1 Rg8 37. Rxf7 1-0

[Event "24th NATO Chess Championship"]
[Site "Rynia"]
[Date "2013.08.14"]
[Round "4.4"]
[White "Van Run, Rieke"]
[Black "Macaspac, Arthur"]
[Result "1-0"]
[WhiteElo "2097"]
[BlackElo "2107"]
[PlyCount "107"]
[EventDate "2013.08.??"]
[EventType "swiss"]
[EventRounds "7"]
[EventCountry "POL"]
[WhiteTeam "NED"]
[BlackTeam "USA"]
[WhiteTeamCountry "NED"]
[BlackTeamCountry "USA"]

1. e4 c5 2. Nc3 Nc6 3. d3 g6 4. f4 Bg7 5. Nf3 d6 6. Be2 e6 7. O-O Nge7 8. Bd2
O-O 9. Qc1 f5 10. Nd1 Bd7 11. Nf2 Nd4 12. Bd1 Rc8 13. c3 Nxf3+ 14. Bxf3 Bc6 15.
Qc2 d5 16. Rfe1 Qd7 17. e5 d4 18. Bxc6 Rxc6 19. c4 Rb8 20. Qa4 a6 21. b3 Bf8
22. Rec1 Nc8 23. Rab1 b5 24. Qa3 Qb7 25. Qb2 Nb6 26. Qc2 Qc8 27. Qd1 Nd7 28.
Qf3 Rcb6 29. h3 Be7 30. Kh2 Nf8 31. Rg1 Qc6 32. Qe2 R6b7 33. Rbc1 Ra8 34. g4 a5
35. gxf5 exf5 36. Qh5 Kh8 37. Qh6 Qe6 38. Rg2 Qf7 39. cxb5 Rxb5 40. Rc4 Ne6 41.
Nd1 a4 42. bxa4 Rb1 43. Bc1 Ng7 44. Rb2 Rxb2+ 45. Nxb2 Qd5 46. Rc2 Qxa2 47. Rg2
Qe6 48. Bd2 Nh5 49. a5 Rb8 50. Nc4 Ng7 51. Nb6 Kg8 52. Be1 Nh5 53. Qxh5 Kh8 54.
Qh6 1-0

[Event "24th NATO Chess Championship"]
[Site "Rynia"]
[Date "2013.08.14"]
[Round "4.5"]
[White "Onley, David"]
[Black "Kedzierski, Slawomir"]
[Result "1-0"]
[WhiteElo "2103"]
[BlackElo "2095"]
[PlyCount "143"]
[EventDate "2013.08.??"]
[EventType "swiss"]
[EventRounds "7"]
[EventCountry "POL"]
[WhiteTeam "ENG"]
[BlackTeam "POL"]
[WhiteTeamCountry "ENG"]
[BlackTeamCountry "POL"]

1. e4 c6 2. d4 d5 3. exd5 cxd5 4. c4 Nf6 5. Nc3 e6 6. Nf3 Be7 7. Bd3 O-O 8. O-O
Nc6 9. Re1 dxc4 10. Bxc4 Nb4 11. Bg5 Nbd5 12. Qe2 a6 13. Rad1 Re8 14. Ne5 Bd7
15. Qf3 Bc6 16. Qh3 Qd6 17. Bd3 g6 18. Qh4 Nh5 19. Ne4 Qd8 20. Bxe7 Qxe7 21.
Qxe7 Rxe7 22. Nxc6 bxc6 23. Nc5 a5 24. Be4 Nhf6 25. Bf3 Rb8 26. Rd2 Ree8 27.
Rc1 Red8 28. g3 h5 29. h4 Kf8 30. Nb3 a4 31. Nc5 Ra8 32. a3 Ra7 33. Nd3 Ne7 34.
Nb4 e5 35. Nxc6 Nxc6 36. Rxc6 Ke7 37. Re2 Nd7 38. dxe5 Nf8 39. Rc4 Ne6 40. Rec2
Rb8 41. Bd5 Rb5 42. Bc6 Rxe5 43. Bxa4 g5 44. Bc6 f5 45. hxg5 Re1+ 46. Kg2 Nxg5
47. Rh4 Ne6 48. Rxh5 Kf6 49. Rh4 f4 50. a4 Ke5 51. Rh5+ Kd6 52. b4 Rg7 53. Rd5+
Kc7 54. Bd7+ Kb6 55. Rc6+ Kb7 56. Rxe6 Rb1 57. Bc6+ Kb8 58. Rd7 Rxd7 59. Bxd7
fxg3 60. Kxg3 Rxb4 61. f4 Kc7 62. Bb5 Rb1 63. Kg4 Rg1+ 64. Kf5 Kd8 65. Kf6 Rg4
66. f5 Rh4 67. Kf7 Rh7+ 68. Kg6 Rh2 69. f6 Rg2+ 70. Kf7 Rh2 71. a5 Kc7 72. Ke7
1-0

[Event "24th NATO Chess Championship"]
[Site "Rynia"]
[Date "2013.08.14"]
[Round "4.6"]
[White "Bielawski, Michal"]
[Black "Narman, Gokhan"]
[Result "1-0"]
[WhiteElo "2026"]
[BlackElo "2102"]
[PlyCount "69"]
[EventDate "2013.08.??"]
[EventType "swiss"]
[EventRounds "7"]
[EventCountry "POL"]
[WhiteTeam "POL"]
[BlackTeam "TUR"]
[WhiteTeamCountry "POL"]
[BlackTeamCountry "TUR"]

1. d4 Nf6 2. Nf3 e6 3. c4 d5 4. Nc3 Bb4 5. Bd2 dxc4 6. e3 Nc6 7. Bxc4 O-O 8.
O-O a6 9. a3 Bd6 10. Qc2 e5 11. d5 Ne7 12. e4 Nh5 13. b4 Ng6 14. Ne2 Bg4 15.
Ne1 Qh4 16. f3 Bd7 17. Nd3 f5 18. Nc5 Qe7 19. Nxb7 f4 20. Qd3 Nh4 21. Be1 g5
22. Nc5 Bxc5+ 23. bxc5 Qxc5+ 24. Kh1 Rf6 25. Bb4 Qa7 26. d6+ Be6 27. d7 Bxc4
28. Qxc4+ Kg7 29. Rad1 Rd8 30. Be7 Qb8 31. Rb1 Qa8 32. Qxc7 Rff8 33. Bxf8+ Kxf8
34. Rb7 Ng6 35. Rfb1 1-0

[Event "24th NATO Chess Championship"]
[Site "Rynia"]
[Date "2013.08.14"]
[Round "4.7"]
[White "Wells, Daniel J"]
[Black "Pedersen, Finn"]
[Result "0-1"]
[WhiteElo "2023"]
[BlackElo "2303"]
[PlyCount "62"]
[EventDate "2013.08.??"]
[EventType "swiss"]
[EventRounds "7"]
[EventCountry "POL"]
[WhiteTeam "ENG"]
[BlackTeam "DEN"]
[WhiteTeamCountry "ENG"]
[BlackTeamCountry "DEN"]

1. e4 c6 2. d4 d5 3. e5 Bf5 4. Nf3 e6 5. a3 c5 6. c4 dxc4 7. Bxc4 Nc6 8. Be3
cxd4 9. Nxd4 Nxd4 10. Qxd4 Qxd4 11. Bxd4 a6 12. Nc3 Ne7 13. f4 Nc6 14. Be3 g5
15. g3 O-O-O 16. Kf2 gxf4 17. gxf4 Be7 18. Rad1 Bh4+ 19. Kf3 h5 20. Be2 f6 21.
exf6 Bxf6 22. Rxd8+ Rxd8 23. Rc1 Kb8 24. b4 Nd4+ 25. Bxd4 Bxd4 26. a4 Rc8 27.
Na2 Rf8 28. Nc3 e5 29. fxe5 Bxe5 30. h4 Bxc3 31. Rxc3 Bg4+ 0-1

[Event "24th NATO Chess Championship"]
[Site "Rynia"]
[Date "2013.08.14"]
[Round "4.8"]
[White "Sycz, Dariusz"]
[Black "Wantiez, Fabrice"]
[Result "0-1"]
[WhiteElo "2020"]
[BlackElo "2279"]
[PlyCount "60"]
[EventDate "2013.08.??"]
[EventType "swiss"]
[EventRounds "7"]
[EventCountry "POL"]
[WhiteTeam "POL"]
[BlackTeam "BEL"]
[WhiteTeamCountry "POL"]
[BlackTeamCountry "BEL"]

1. d4 Nf6 2. Nf3 g6 3. g3 Bg7 4. Bg2 O-O 5. O-O d5 6. c4 c6 7. Nc3 dxc4 8. Ne5
Ng4 9. Nxg4 Bxg4 10. d5 cxd5 11. Qxd5 Qxd5 12. Bxd5 Nc6 13. Bxc4 Rac8 14. Bd2
Rfd8 15. Rfd1 Ne5 16. Bb3 Bxe2 17. Nxe2 Nf3+ 18. Kg2 Nxd2 19. Rac1 Rxc1 20.
Nxc1 Bxb2 21. Ne2 e6 22. Nf4 Bf6 23. Ba4 Ne4 24. Rc1 Rd2 25. Rc8+ Bd8 26. Kf3
Rd4 27. Bc2 Nf6 28. Bb3 Kg7 29. h4 Bb6 30. Bxe6 Rd2 0-1

[Event "24th NATO Chess Championship"]
[Site "Rynia"]
[Date "2013.08.14"]
[Round "4.10"]
[White "Van Rijn, Wouter"]
[Black "Nielsen, Henrik"]
[Result "1/2-1/2"]
[WhiteElo "2216"]
[BlackElo "2037"]
[PlyCount "38"]
[EventDate "2013.08.??"]
[EventType "swiss"]
[EventRounds "7"]
[EventCountry "POL"]
[WhiteTeam "NED"]
[BlackTeam "DEN"]
[WhiteTeamCountry "NED"]
[BlackTeamCountry "DEN"]

1. f4 d5 2. Nf3 c5 3. e3 Nc6 4. Be2 Nf6 5. O-O Bg4 6. h3 Bxf3 7. Bxf3 e5 8. d3
e4 9. dxe4 dxe4 10. Be2 g6 11. Bc4 Bg7 12. Qe2 O-O 13. Nc3 Qe7 14. g4 Rad8 15.
Bd2 Nb4 16. a3 Nbd5 17. g5 Nxc3 18. Bxc3 Nh5 19. Bxg7 Nxg7 1/2-1/2

[Event "24th NATO Chess Championship"]
[Site "Rynia"]
[Date "2013.08.14"]
[Round "4.11"]
[White "Papista, Akos"]
[Black "Dekker, Ard"]
[Result "1-0"]
[WhiteElo "2173"]
[BlackElo "1908"]
[PlyCount "53"]
[EventDate "2013.08.??"]
[EventType "swiss"]
[EventRounds "7"]
[EventCountry "POL"]
[WhiteTeam "HUN"]
[BlackTeam "NED"]
[WhiteTeamCountry "HUN"]
[BlackTeamCountry "NED"]

1. e4 c6 2. d4 d5 3. e5 Bf5 4. h4 h5 5. c4 dxc4 6. Bxc4 e6 7. Nc3 Nd7 8. Bg5
Ne7 9. Nge2 Nb6 10. Bd3 Bxd3 11. Qxd3 Qd7 12. Ne4 Ned5 13. O-O Nc8 14. Qg3 Nde7
15. Bxe7 Qxe7 16. f4 g6 17. Nf6+ Kd8 18. Nc3 Kc7 19. d5 Qc5+ 20. Kh1 exd5 21.
Ncxd5+ cxd5 22. Rac1 Kd8 23. Rxc5 Bxc5 24. Qb3 Nb6 25. a4 Be7 26. a5 Nd7 27.
Qxb7 1-0

[Event "24th NATO Chess Championship"]
[Site "Rynia"]
[Date "2013.08.14"]
[Round "4.12"]
[White "Fichtner, Ewald"]
[Black "Karbowiak, Adam"]
[Result "1-0"]
[WhiteElo "2018"]
[BlackElo "2167"]
[PlyCount "109"]
[EventDate "2013.08.??"]
[EventType "swiss"]
[EventRounds "7"]
[EventCountry "POL"]
[WhiteTeam "GER"]
[BlackTeam "POL"]
[WhiteTeamCountry "GER"]
[BlackTeamCountry "POL"]

1. d4 Nf6 2. c4 g6 3. g3 Bg7 4. Bg2 O-O 5. Nf3 c5 6. d5 d6 7. Nc3 e6 8. O-O
exd5 9. cxd5 Re8 10. Nd2 a6 11. a4 Nbd7 12. h3 Rb8 13. Nc4 Qc7 14. Na3 b6 15.
Re1 Bb7 16. Kh2 Ba8 17. Qd3 Bb7 18. f4 Rec8 19. e4 c4 20. Qe2 Nc5 21. Qxc4 Qe7
22. Qf1 Nfd7 23. Nab1 b5 24. axb5 Nb3 25. Ra3 Nxc1 26. Rxc1 axb5 27. Nxb5 Bxb2
28. Rxc8+ Rxc8 29. Rb3 Rc1 30. Qf2 Bf6 31. Qd2 Rc5 32. Nd4 Rc7 33. Na3 Nc5 34.
Re3 Ba6 35. Nc6 Qf8 36. Nc2 Rb7 37. N2b4 Bb5 38. h4 Bg7 39. Qe1 Bxc6 40. dxc6
Ra7 41. e5 dxe5 42. fxe5 Ne6 43. Nd5 Nc7 44. Nxc7 Rxc7 45. e6 Bf6 46. Bd5 fxe6
47. Rxe6 Kg7 48. Re8 Qa3 49. Rg8+ Kh6 50. Qd2+ Kh5 51. Qf4 Qb2+ 52. Kh3 g5 53.
Bf3+ Kh6 54. hxg5+ Bxg5 55. Qxg5# 1-0

[Event "24th NATO Chess Championship"]
[Site "Rynia"]
[Date "2013.08.14"]
[Round "4.13"]
[White "Leveillee, Philippe"]
[Black "Alaslar, Devrim"]
[Result "1/2-1/2"]
[WhiteElo "1852"]
[BlackElo "2145"]
[PlyCount "31"]
[EventDate "2013.08.??"]
[EventType "swiss"]
[EventRounds "7"]
[EventCountry "POL"]
[WhiteTeam "CAN"]
[BlackTeam "TUR"]
[WhiteTeamCountry "CAN"]
[BlackTeamCountry "TUR"]

1. d4 d5 2. c4 c6 3. Nf3 Nf6 4. e3 Bf5 5. Nc3 e6 6. Be2 Nbd7 7. O-O Bd6 8. c5
Bc7 9. b4 O-O 10. b5 Ne4 11. Bb2 cxb5 12. Nxb5 a6 13. Nxc7 Qxc7 14. Nh4 Bg6 15.
Nxg6 hxg6 16. f3 1/2-1/2

[Event "24th NATO Chess Championship"]
[Site "Rynia"]
[Date "2013.08.14"]
[Round "4.14"]
[White "Picart, Laurent"]
[Black "Aagaard, Gert"]
[Result "0-1"]
[WhiteElo "2109"]
[BlackElo "2067"]
[PlyCount "66"]
[EventDate "2013.08.??"]
[EventType "swiss"]
[EventRounds "7"]
[EventCountry "POL"]
[WhiteTeam "FRA"]
[BlackTeam "DEN"]
[WhiteTeamCountry "FRA"]
[BlackTeamCountry "DEN"]

1. d4 e6 2. c4 d5 3. Nc3 c5 4. cxd5 exd5 5. Nf3 Nc6 6. dxc5 Nf6 7. Bg5 Qa5 8.
Bxf6 gxf6 9. Qxd5 Be6 10. Qd1 Rd8 11. Qc1 Bxc5 12. e3 Rg8 13. a3 Bb3 14. Nd2
Rxd2 15. Qxd2 Ke7 16. Bd3 Bb6 17. Ne4 Ne5 18. Qxa5 Bxa5+ 19. Ke2 Nxd3 20. Kxd3
Rd8+ 21. Ke2 Bc4+ 22. Kf3 Bd5 23. g4 Ke6 24. Rhg1 Ke5 25. Rgd1 Bxe4+ 26. Kg3
Rg8 27. Rd4 f5 28. f3 Bc6 29. Rad1 Bb6 30. R4d3 fxg4 31. fxg4 h5 32. h3 hxg4
33. hxg4 f5 0-1

[Event "24th NATO Chess Championship"]
[Site "Rynia"]
[Date "2013.08.14"]
[Round "4.15"]
[White "De Cat, Ben"]
[Black "Cheung, Jan W"]
[Result "1/2-1/2"]
[WhiteElo "1914"]
[BlackElo "2093"]
[PlyCount "38"]
[EventDate "2013.08.??"]
[EventType "swiss"]
[EventRounds "7"]
[EventCountry "POL"]
[WhiteTeam "BEL"]
[BlackTeam "NED"]
[WhiteTeamCountry "BEL"]
[BlackTeamCountry "NED"]

1. b4 e5 2. Bb2 Bxb4 3. Bxe5 Nf6 4. Nf3 O-O 5. e3 Re8 6. Be2 Nc6 7. Bb2 d5 8.
a3 Ba5 9. O-O Bf5 10. c4 dxc4 11. Bxc4 Qd6 12. Nc3 a6 13. Qb3 Be6 14. Bxe6 Rxe6
15. Ne2 Bb6 16. Nf4 Ree8 17. d4 Ne4 18. Rfd1 Rad8 19. Nd2 Nxd2 1/2-1/2

[Event "24th NATO Chess Championship"]
[Site "Rynia"]
[Date "2013.08.14"]
[Round "4.16"]
[White "Demjen, Attila"]
[Black "Bohn, Ulrich"]
[Result "0-1"]
[WhiteElo "2013"]
[BlackElo "2175"]
[PlyCount "50"]
[EventDate "2013.08.??"]
[EventType "swiss"]
[EventRounds "7"]
[EventCountry "POL"]
[WhiteTeam "HUN"]
[BlackTeam "GER"]
[WhiteTeamCountry "HUN"]
[BlackTeamCountry "GER"]

1. e4 g6 2. d4 Bg7 3. f4 c5 4. d5 d6 5. c4 f5 6. exf5 Bxf5 7. Bd3 Nh6 8. Ne2 b5
9. cxb5 a6 10. bxa6 Nxa6 11. O-O Qb6 12. Bxf5 Nxf5 13. Kh1 O-O 14. Nbc3 Nb4 15.
a3 Qa6 16. Rb1 Nd3 17. b4 c4 18. a4 Qa7 19. Ne4 Ne3 20. Bxe3 Qxe3 21. N2g3 h5
22. Rf3 Qd4 23. Ng5 Nf2+ 24. Rxf2 Qxf2 25. b5 c3 0-1

[Event "24th NATO Chess Championship"]
[Site "Rynia"]
[Date "2013.08.14"]
[Round "4.17"]
[White "Cohnen, Michael"]
[Black "Michalski, Daniel"]
[Result "0-1"]
[WhiteElo "1841"]
[BlackElo "2150"]
[PlyCount "98"]
[EventDate "2013.08.??"]
[EventType "swiss"]
[EventRounds "7"]
[EventCountry "POL"]
[WhiteTeam "NATO"]
[BlackTeam "POL"]
[BlackTeamCountry "POL"]

1. d4 Nf6 2. c4 g6 3. Nc3 d5 4. cxd5 Nxd5 5. e4 Nxc3 6. bxc3 Bg7 7. Nf3 O-O 8.
Rb1 b6 9. Be2 Bb7 10. Qd3 c5 11. Bb2 e6 12. O-O Nc6 13. Rfd1 cxd4 14. cxd4 Rc8
15. Ba3 Re8 16. Rbc1 Bh6 17. Rc2 Na5 18. Rxc8 Qxc8 19. Nd2 Qd7 20. Nb3 Nxb3 21.
axb3 Rd8 22. Bb2 Bg7 23. Bf3 a5 24. Qe3 Qb5 25. Be2 Qd7 26. Bf3 b5 27. Qe1 a4
28. bxa4 bxa4 29. Qb4 Bf8 30. Qc3 Rc8 31. Qd3 Bg7 32. h3 Bc6 33. Rc1 Ra8 34.
Qc3 Bb5 35. e5 Rd8 36. Qa5 Rb8 37. Rc7 Qd8 38. Qa7 Be8 39. Ba3 Rc8 40. Rb7 Bf8
41. Bxf8 Kxf8 42. Kh2 Qg5 43. g3 Qf5 44. Kg2 Rc3 45. Bd1 Bc6+ 46. Kg1 Rc1 47.
Rb8+ Kg7 48. Rg8+ Kxg8 49. Qb8+ Kg7 0-1

[Event "24th NATO Chess Championship"]
[Site "Rynia"]
[Date "2013.08.14"]
[Round "4.18"]
[White "Hater, David"]
[Black "Kruit, Erik"]
[Result "1/2-1/2"]
[WhiteElo "2147"]
[BlackElo "2011"]
[PlyCount "31"]
[EventDate "2013.08.??"]
[EventType "swiss"]
[EventRounds "7"]
[EventCountry "POL"]
[WhiteTeam "USA"]
[BlackTeam "NED"]
[WhiteTeamCountry "USA"]
[BlackTeamCountry "NED"]

1. e4 c5 2. Nf3 Nc6 3. Bb5 Nd4 4. Nxd4 cxd4 5. c3 Qb6 6. Qe2 e5 7. O-O Nf6 8.
a4 a5 9. Na3 Bc5 10. Nc4 Qc7 11. d3 h6 12. Bd2 O-O 13. Rac1 d6 14. cxd4 exd4
15. Qe1 b6 16. h3 1/2-1/2

[Event "24th NATO Chess Championship"]
[Site "Rynia"]
[Date "2013.08.14"]
[Round "4.19"]
[White "Graczyk, Damian"]
[Black "De Waard, Marco"]
[Result "1-0"]
[WhiteElo "1991"]
[BlackElo "2098"]
[PlyCount "93"]
[EventDate "2013.08.??"]
[EventType "swiss"]
[EventRounds "7"]
[EventCountry "POL"]
[WhiteTeam "POL"]
[BlackTeam "NED"]
[WhiteTeamCountry "POL"]
[BlackTeamCountry "NED"]

1. d4 d5 2. Nf3 Nf6 3. g3 c5 4. Bg2 Nc6 5. O-O cxd4 6. Nxd4 e5 7. Nb3 Be7 8.
Bg5 Be6 9. Nc3 d4 10. Na4 Nd5 11. Bxe7 Qxe7 12. c3 Rd8 13. cxd4 Qb4 14. Nac5
exd4 15. Rc1 Nde7 16. Nxe6 fxe6 17. Nc5 Rd6 18. Bh3 Nd8 19. e4 O-O 20. a3 Qxb2
21. Rb1 Qc3 22. Nxb7 Rc6 23. Rb3 Qc2 24. Qxc2 Rxc2 25. Nxd8 Rxd8 26. Bxe6+ Kf8
27. Rd1 Rc6 28. Rf3+ Ke8 29. Bf7+ Kf8 30. e5 Rc5 31. Bb3+ Ke8 32. Ba4+ Nc6 33.
Rfd3 Ke7 34. Bxc6 Rxc6 35. Rxd4 Rxd4 36. Rxd4 Rc5 37. Rb4 Rxe5 38. Rb7+ Kf6 39.
Rxa7 Re2 40. Kg2 Ra2 41. g4 g5 42. Kg3 h6 43. Ra6+ Kg7 44. f3 Ra1 45. h4 Ra2
46. hxg5 hxg5 47. f4 1-0

[Event "24th NATO Chess Championship"]
[Site "Rynia"]
[Date "2013.08.14"]
[Round "4.20"]
[White "Skwarczynski, Marcin"]
[Black "Nielsen, Jan Mose"]
[Result "1-0"]
[WhiteElo "2014"]
[BlackElo "2081"]
[PlyCount "93"]
[EventDate "2013.08.??"]
[EventType "swiss"]
[EventRounds "7"]
[EventCountry "POL"]
[WhiteTeam "NATO"]
[BlackTeam "DEN"]
[BlackTeamCountry "DEN"]

1. e4 c5 2. Nf3 d6 3. d4 cxd4 4. Nxd4 Nf6 5. Nc3 g6 6. Bc4 Bg7 7. O-O a6 8. Re1
Nbd7 9. Nf3 O-O 10. h3 b5 11. Bb3 Bb7 12. Nd5 Nc5 13. Nxf6+ Bxf6 14. Bd5 Qc7
15. c3 Bg7 16. Bg5 Rad8 17. Qd2 Rd7 18. Rad1 e6 19. Bxb7 Qxb7 20. Qe2 h6 21.
Bf4 Rfd8 22. Qe3 Kh7 23. h4 Na4 24. Rb1 Rc8 25. Qe2 Nxb2 26. Qxb2 Bxc3 27. Qe2
Bxe1 28. Rxe1 e5 29. Bd2 Qb6 30. Bc1 f6 31. Qd2 g5 32. Qd5 Re7 33. Be3 Qc6 34.
Qd1 Rg7 35. Bc1 g4 36. Nh2 h5 37. Nf1 Qc2 38. Qxd6 Rc6 39. Qd8 Qxa2 40. Qe8 Qe6
41. Qxh5+ Kg8 42. Rd1 Rd6 43. Rxd6 Qxd6 44. Bh6 Rc7 45. Qg6+ Kh8 46. Ne3 Rg7
47. Qxg7# 1-0

[Event "24th NATO Chess Championship"]
[Site "Rynia"]
[Date "2013.08.14"]
[Round "4.21"]
[White "Tucker, David Sidney"]
[Black "Kartal, Koray"]
[Result "1/2-1/2"]
[WhiteElo "2069"]
[BlackElo "1997"]
[PlyCount "67"]
[EventDate "2013.08.??"]
[EventType "swiss"]
[EventRounds "7"]
[EventCountry "POL"]
[WhiteTeam "ENG"]
[BlackTeam "TUR"]
[WhiteTeamCountry "ENG"]
[BlackTeamCountry "TUR"]

1. e4 e5 2. Nf3 Nc6 3. Bb5 a6 4. Ba4 Nf6 5. O-O Be7 6. Re1 b5 7. Bb3 d6 8. c3
O-O 9. a3 Na5 10. Bc2 c5 11. d4 Qc7 12. b4 cxb4 13. cxb4 Nc4 14. Nbd2 Bg4 15.
Nxc4 Qxc4 16. Bb3 Bxf3 17. gxf3 Qc8 18. Kg2 Nh5 19. Be3 Kh8 20. Rc1 Qe8 21.
dxe5 dxe5 22. Rc7 Rd8 23. Qc2 Bd6 24. Rc6 Nf4+ 25. Bxf4 exf4 26. Rd1 Be5 27.
Rxd8 Qxd8 28. Bxf7 Qg5+ 29. Kf1 g6 30. Be6 Rd8 31. Bd5 Qh5 32. Ke2 Qxh2 33. Rc8
Qh4 34. Qc5 1/2-1/2

[Event "24th NATO Chess Championship"]
[Site "Rynia"]
[Date "2013.08.14"]
[Round "4.23"]
[White "Wagenaar, Harm Theo"]
[Black "Voroblievas, Arturas"]
[Result "1/2-1/2"]
[WhiteElo "2054"]
[BlackElo "1857"]
[PlyCount "88"]
[EventDate "2013.08.??"]
[EventType "swiss"]
[EventRounds "7"]
[EventCountry "POL"]
[WhiteTeam "NATO"]
[BlackTeam "LTU"]
[BlackTeamCountry "LTU"]

1. c4 e5 2. g3 Nf6 3. Bg2 d5 4. cxd5 Nxd5 5. Nf3 Nc6 6. O-O Be7 7. d4 e4 8. Ne5
Nf6 9. Nxc6 bxc6 10. Nc3 Bf5 11. Bg5 O-O 12. e3 Nd5 13. Bxe7 Qxe7 14. Na4 Rab8
15. b3 Qg5 16. Nc5 Rfe8 17. Qd2 Rb5 18. Rfc1 h5 19. Na4 Nb4 20. Bf1 Rbb8 21. a3
Nd3 22. Bxd3 exd3 23. Nc5 h4 24. Nxd3 Rxb3 25. Nf4 hxg3 26. hxg3 Be4 27. Qe2 g6
28. Ng2 Reb8 29. Rd1 Rb2 30. Rd2 Rxd2 31. Qxd2 Qg4 32. Ne1 Qh3 33. f3 Qxg3+ 34.
Qg2 Qxg2+ 35. Kxg2 Rb2+ 36. Kg3 Bf5 37. Kf4 Rb3 38. e4 Bd7 39. Nc2 a5 40. Ne1
Kg7 41. Ra2 f6 42. Ra1 g5+ 43. Kg3 Kg6 44. Kf2 Kg7 1/2-1/2

[Event "24th NATO Chess Championship"]
[Site "Rynia"]
[Date "2013.08.14"]
[Round "4.24"]
[White "Koopmeiners, Karl"]
[Black "Rosseel, Kimball"]
[Result "1-0"]
[WhiteElo "2038"]
[BlackElo "1827"]
[PlyCount "91"]
[EventDate "2013.08.??"]
[EventType "swiss"]
[EventRounds "7"]
[EventCountry "POL"]
[WhiteTeam "NATO"]
[BlackTeam "BEL"]
[BlackTeamCountry "BEL"]

1. d4 d5 2. c4 e6 3. Nf3 c6 4. Qc2 Bd6 5. Bg5 Ne7 6. e3 dxc4 7. Bxc4 Qc7 8. Nc3
b5 9. Bd3 h6 10. Bxe7 Qxe7 11. Nxb5 Bb4+ 12. Nc3 O-O 13. O-O Bb7 14. a3 Ba5 15.
Ne4 Rc8 16. Nc5 Bb6 17. Rac1 Bxc5 18. Qxc5 Qc7 19. Rc3 Nd7 20. Qh5 Nf6 21. Qe5
{[%emt 0:00:00]} Qb6 22. Rc2 Nd5 23. Rfc1 a5 24. Nd2 Ba6 25. Bxa6 Rxa6 26. Ne4
Rc7 27. Nc5 Ra8 28. Nd3 Rac8 29. h3 Qb3 30. Nc5 Qb6 31. Ne4 Kf8 32. Nd6 Rd8 33.
Nc4 Qa7 34. e4 Ne7 35. Nxa5 Rxd4 36. Nxc6 Nxc6 37. Rxc6 Rxc6 38. Rxc6 Rd1+ 39.
Kh2 Qxf2 40. Qc5+ Qxc5 41. Rxc5 Rd4 42. e5 Rd2 43. Rb5 Rd3 44. a4 Ke7 45. Rb7+
Ke8 46. a5 1-0

[Event "24th NATO Chess Championship"]
[Site "Rynia"]
[Date "2013.08.14"]
[Round "4.25"]
[White "Prevot, Jean Luc"]
[Black "Pos, Nicolaas"]
[Result "1-0"]
[WhiteElo "2027"]
[BlackElo "1884"]
[PlyCount "113"]
[EventDate "2013.08.??"]
[EventType "swiss"]
[EventRounds "7"]
[EventCountry "POL"]
[WhiteTeam "FRA"]
[BlackTeam "NATO"]
[WhiteTeamCountry "FRA"]

1. Nf3 Nf6 2. g3 b6 3. Bg2 Bb7 4. O-O e6 5. b3 Be7 6. Bb2 O-O 7. c4 c5 8. Nc3
d5 9. e3 Na6 10. Qe2 dxc4 11. bxc4 Nb4 12. d4 Ne4 13. Nxe4 Bxe4 14. Rfd1 cxd4
15. Rxd4 Bd3 16. Rxd8 Bxe2 17. Rxa8 Rxa8 18. Nd4 Rd8 19. Ba3 Rxd4 20. exd4 Nc2
21. Bxe7 Nxa1 22. c5 Nc2 23. d5 exd5 24. c6 Bg4 25. Bxd5 Nd4 26. Kg2 Bc8 27. a4
g6 28. Bd6 a6 29. h4 Ne6 30. Kf3 Kg7 31. Ke3 Kf6 32. Kd3 Kf5 33. f3 Kf6 34. Kc4
h6 35. Be4 Kg7 36. Kd5 Kf6 37. g4 Kg7 38. Ba3 Kf6 39. Kd6 b5 40. axb5 axb5 41.
Bd3 Kg7 42. Ke7 Kg8 43. Bb2 b4 44. Bc4 Kh7 45. Bxe6 Bxe6 46. c7 g5 47. h5 Kg8
48. Bf6 b3 49. Kd8 b2 50. Bxb2 f5 51. c8=Q Bxc8 52. Kxc8 fxg4 53. fxg4 Kf7 54.
Kd7 Kf8 55. Ke6 Kg8 56. Kf5 Kf7 57. Bc3 1-0

[Event "24th NATO Chess Championship"]
[Site "Rynia"]
[Date "2013.08.14"]
[Round "4.26"]
[White "Ross, David C"]
[Black "Pazeriene, Diana"]
[Result "0-1"]
[WhiteElo "1802"]
[BlackElo "2025"]
[PlyCount "48"]
[EventDate "2013.08.??"]
[EventType "swiss"]
[EventRounds "7"]
[EventCountry "POL"]
[WhiteTeam "NATO"]
[BlackTeam "LTU"]
[BlackTeamCountry "LTU"]

1. e4 c6 2. c4 e6 3. Nc3 d5 4. exd5 exd5 5. cxd5 cxd5 6. Bb5+ Nc6 7. d4 Bb4 8.
Nf3 Nge7 9. O-O O-O 10. a3 Bd6 11. Bg5 f6 12. Be3 Be6 13. Bd3 Rc8 14. Rc1 Na5
15. Re1 Bg4 16. h3 Bd7 17. Qc2 g6 18. Bh6 Rf7 19. g4 Nac6 20. Re2 Bxg4 21. hxg4
Qd7 22. Nh2 Nxd4 23. Rxe7 Bxh2+ 24. Kf1 Qxg4 0-1

[Event "24th NATO Chess Championship"]
[Site "Rynia"]
[Date "2013.08.14"]
[Round "4.27"]
[White "Chwieseni, Edward"]
[Black "Ergonen, Arda"]
[Result "0-1"]
[WhiteElo "1754"]
[BlackElo "2022"]
[PlyCount "60"]
[EventDate "2013.08.??"]
[EventType "swiss"]
[EventRounds "7"]
[EventCountry "POL"]
[WhiteTeam "ENG"]
[BlackTeam "TUR"]
[WhiteTeamCountry "ENG"]
[BlackTeamCountry "TUR"]

1. e4 d5 2. exd5 Qxd5 3. Nc3 Qa5 4. Nf3 Nf6 5. Be2 c6 6. O-O Bf5 7. d3 e6 8.
Bd2 Qc7 9. g3 Bd6 10. Re1 Nbd7 11. Nh4 O-O-O 12. Nxf5 exf5 13. f4 h5 14. Bf3 h4
15. Be3 hxg3 16. hxg3 g5 17. Qd2 gxf4 18. Bxf4 Rdg8 19. Kf1 Nh5 20. Bxh5 Rxh5
21. Qe3 Nf6 22. Qd4 Bxf4 23. gxf4 Ne4 24. Nxe4 Qxf4+ 25. Ke2 fxe4 26. Qe3 exd3+
27. Kd1 dxc2+ 28. Kc1 Qxe3+ 29. Rxe3 Rh1+ 30. Kxc2 Rxa1 0-1